Os fidalgos da casa mourisca (Record no. 44687)

MARC details
000 -Etiqueta do registo
Valores 00419cam a22001691 4500
100 ## - Dados gerais de processamento
Dados gerais 19870501d1972 m y0pory5003 ba
101 0# - Língua de publicação
Língua por
102 ## - País de publicação
País PT
200 1# - Titulo e menção de responsabilidade
Título próprio Os fidalgos da casa mourisca
Primeira menção de responsabilidade Júlio Dinis
210 #9 - Publicação
Local de publicação Porto
Nome do editor Livraria Figueirinhas,
Data de publicação [19--]
215 ## - Descrição física 
Paginação / Volumes 448 p.
675 ## - CDU
Notação 821.134.3-31"18"
Edição BN
Língua por
700 #1 - Autor principal
Apelido Dinis,
Nome Júlio,
801 #0 - Fonte de origem
País PT
Agência BN
Regras de catalogação RPC
990 ## - Elementos KOHA
Tipo de documento Livro
Holdings
Aquisição Empréstimo Código de barras Cota Permissão de empréstimo Tipo de documento Nota relativa ao exemplar
Biblioteca Municipal de Redondo Biblioteca Municipal de Redondo 054534 821.134.3-3 DIN   Livro depósito

Powered by Koha